00422 2200169 4500001002100000005001500021008004100036035001900077041000700096082000800103090001400111100001600125245004600141260002800187300002000215650001700235INLIS00000000001819620241224115446241224||||||||| | ||| |||| || |  0010-1224018196 aid0 a813 a813 BLY l0 aEnid Blyton00aLIMA SEKAWAN MEMPRJUANGKAN HARTA FINISTON aJakartabGramediac1981 a176hlm;13x18 cm 0aKesusastraan